000 01083nam a2200289 i 4500
001 bg
100 1 _aROMANIUK, Wacław
245 1 0 _aEkologiczne systemy gospodarki obornikiem i gnojowicą /
_cWacław Romaniuk ; Instytut Budownictwa, Mechanizacji i Elektryfikacji Rolnictwa.
250 _aWyd.2 popr. i uzup.
260 _aWarszawa :
_bIBMER,
_c2000.
300 _a120 s. :
_bfot., pl., rys., 3 wykr. ;
_c29 cm.
500 _aStreszcz. ang.
504 _aBibliogr.
650 9 _aBudownictwo inwentarskie
_xprojekty
650 9 _aGnojowica
_xgospodarka
650 9 _aObornik
_xgospodarka
650 9 _aZootechnika
_xhigiena
710 0 _aInstytut Budownictwa, Mechanizacji i Elektryfikacji Rolnictwa
020 _a8386264586
040 _cBPK
041 0 _apl
_ben
080 _a631.2.001.13/.14:631.8:636:628.3
920 _a83-86264-58-6
942 _cKS
008 s pl f |000 0 pol
999 _c41941
_d41941
856 _uhttp://koha.tu.koszalin.pl/cgi-bin/koha/opac-detail.pl?biblionumber=41941
_yKatalog online BPK